Design of concrete structures (Record no. 3628)

000 -LEADER
fixed length control field 00663nam a2200229 a 4500
001 - CONTROL NUMBER
control field 3628
003 - CONTROL NUMBER IDENTIFIER
control field BD-DhUET
008 - FIXED-LENGTH DATA ELEMENTS--GENERAL INFORMATION
fixed length control field 850621s1985 enka b 101 0 eng
020 ## - INTERNATIONAL STANDARD BOOK NUMBER
International Standard Book Number 007Y665486
040 ## - CATALOGING SOURCE
Original cataloging agency DLC
Transcribing agency DLC
Modifying agency BD-DhUET
082 00 - DEWEY DECIMAL CLASSIFICATION NUMBER
Classification number 624.183
Item number NIL/1986
100 ## - MAIN ENTRY--PERSONAL NAME
Personal name Nilson, Arthur H.
245 00 - TITLE STATEMENT
Title Design of concrete structures
Statement of responsibility, etc. by Arthur H. Nilson and George Winter
250 ## - EDITION STATEMENT
Edition statement 10th ed.
260 ## - PUBLICATION, DISTRIBUTION, ETC. (IMPRINT)
Place of publication, distribution, etc. New York:
Name of publisher, distributor, etc. McGraw Hill Book Company,
Date of publication, distribution, etc. 1986.
300 ## - PHYSICAL DESCRIPTION
Extent xi, 380 p. :
Other physical details ill. ;
Dimensions 23 cm.
490 ## - SERIES STATEMENT
Series statement Civil engineering series
504 ## - BIBLIOGRAPHY, ETC. NOTE
Bibliography, etc Includes bibliographies
650 #0 - SUBJECT ADDED ENTRY--TOPICAL TERM
Topical term or geographic name as entry element Reinforced concrete
700 ## - ADDED ENTRY--PERSONAL NAME
Personal name Winter, George
942 ## - ADDED ENTRY ELEMENTS (KOHA)
Koha item type General Book
Holdings
Lost status Sublocation or collection (holding branch) Koha item type Shelving location Price effective from Date acquired Not for loan Koha full call number Koha out on loan Withdrawn status Koha renewals Koha date last seen Location (home branch) Damaged status Koha date last borrowed Koha issues (times borrowed) Koha normalized classification for sorting Source of classification or shelving scheme Piece designation (barcode) Copy number
 Central Library, BUETGeneral BookCirculation section2014-11-022014-11-02 624.183/NIL/19862027-02-23 12026-02-23Central Library, BUET 2026-02-236624_000000000000000_183NIL1986 778731
 Central Library, BUETRental ItemRental section2024-12-041990-10-23 624.183 NIL/1986   2024-12-04Central Library, BUET   624_183000000000000_NIL_1986 77816১০/ক-১
 Central Library, BUETRental ItemRental section2024-12-041990-10-23 624.183 NIL/1986   2024-12-04Central Library, BUET   624_183000000000000_NIL_1986 77817১০/ক-২
 Central Library, BUETRental ItemRental section2024-12-041990-10-23 624.183 NIL/1986   2024-12-04Central Library, BUET   624_183000000000000_NIL_1986 77818১০/ক-৩
 Central Library, BUETRental ItemRental section2024-12-041990-10-23 624.183 NIL/1986   2024-12-04Central Library, BUET   624_183000000000000_NIL_1986 77819১০/ক-৪
 Central Library, BUETRental ItemRental section2024-12-041990-10-23 624.183 NIL/1986   2024-12-04Central Library, BUET   624_183000000000000_NIL_1986 77820১০/ক-৫
 Central Library, BUETRental ItemRental section2024-12-041990-10-23 624.183 NIL/1986   2024-12-04Central Library, BUET   624_183000000000000_NIL_1986 77821১০/ক-৬
 Central Library, BUETRental ItemRental section2024-12-041990-10-23 624.183 NIL/1986   2024-12-04Central Library, BUET   624_183000000000000_NIL_1986 77822১০/ক-৭
 Central Library, BUETRental ItemRental section2024-12-041990-10-23 624.183 NIL/1986   2024-12-04Central Library, BUET   624_183000000000000_NIL_1986 77823১০/ক-৮
 Central Library, BUETRental ItemRental section2024-12-041990-10-23 624.183 NIL/1986   2024-12-04Central Library, BUET   624_183000000000000_NIL_1986 77824১০/ক-৯
 Central Library, BUETRental ItemRental section2024-12-041990-10-23 624.183 NIL/1986   2024-12-04Central Library, BUET   624_183000000000000_NIL_1986 77825১০/ক-১০
 Central Library, BUETRental ItemRental section2024-12-041990-10-23 624.183 NIL/1986   2024-12-04Central Library, BUET   624_183000000000000_NIL_1986 77826১০/ক-১১
 Central Library, BUETRental ItemRental section2024-12-041990-10-23 624.183 NIL/1986   2024-12-04Central Library, BUET   624_183000000000000_NIL_1986 77827১০/ক-১২
 Central Library, BUETRental ItemRental section2024-12-041990-10-23 624.183 NIL/1986   2024-12-04Central Library, BUET   624_183000000000000_NIL_1986 77828১০/ক-১৩
 Central Library, BUETRental ItemRental section2024-12-041990-10-23 624.183 NIL/1986   2024-12-04Central Library, BUET   624_183000000000000_NIL_1986 77829১০/ক-১৪
 Central Library, BUETRental ItemRental section2024-12-041990-10-23 624.183 NIL/1986   2024-12-04Central Library, BUET   624_183000000000000_NIL_1986 77830১০/ক-১৫
 Central Library, BUETRental ItemRental section2024-12-041990-10-23 624.183 NIL/1986   2024-12-04Central Library, BUET   624_183000000000000_NIL_1986 77831১০/ক-১৬
 Central Library, BUETRental ItemRental section2024-12-041990-10-23 624.183 NIL/1986   2024-12-04Central Library, BUET   624_183000000000000_NIL_1986 77832১০/ক-১৭
 Central Library, BUETRental ItemRental section2024-12-041990-10-23 624.183 NIL/1986   2024-12-04Central Library, BUET   624_183000000000000_NIL_1986 77833১০/ক-১৮
 Central Library, BUETRental ItemRental section2024-12-041990-10-23 624.183 NIL/1986   2024-12-04Central Library, BUET   624_183000000000000_NIL_1986 77834১০/ক-১৯
 Central Library, BUETRental ItemRental section2024-12-041990-10-23 624.183 NIL/1986   2024-12-04Central Library, BUET   624_183000000000000_NIL_1986 77835১০/ক-২০